Вспомогательное оборудование блоков ТЭС: учебное пособие

Bibliografske podrobnosti
Glavni avtor: Соколова И. Ю. Ирина Юрьевна
Corporate Authors: Сибирский федеральный университет (СФУ), Национальный исследовательский Томский политехнический университет (ТПУ)
Drugi avtorji: Цыганок А. П. Алексей Петрович
Izvleček:В первой части учебного пособия изложены основы теории процессов, протекающих в тяго-дутьевом и насосном оборудовании блоков ТЭС. Представлены 19 структурно-логических схем по 16 модулям этого курса, а также ориентированные на будущую профессиональную деятельность студентов задания и задачи для самостоятельной работы по изучаемой дис­циплине.Во второй части рассмотрено теплообменное оборудование блоков ТЭС. Приведены описания и характеристики станционных теплообменни­ков (подогревателей высокого и низкого давления, испарителей, сетевых по­догревателей, деаэраторов, конденсаторов турбин), конструктивные схемы, методы теплового расчета, включение в тепловую схему и др.Учебное пособие предназначено для студентов очного и заочного обу­чения по дисциплине «Вспомогательное оборудование блоков ТЭС», обу­чающихся по специальности «Тепловые электрические станции» и может быть использовано студентами других родственных специальностей, а так­же эксплуатационным персоналом электростанций.
Jezik:ruščina
Izdano: Красноярск, Изд-во СФУ, 2013
Teme:
Format: Knjiga
KOHA link:https://koha.lib.tpu.ru/cgi-bin/koha/opac-detail.pl?biblionumber=312714

MARC

LEADER 00000nam0a2200000 4500
001 312714
005 20231102002519.0
010 |a 9785763827453 
035 |a (RuTPU)RU\TPU\book\338084 
090 |a 312714 
100 |a 20151225d2013 m y0rusy50 ca 
101 0 |a rus 
102 |a RU 
105 |a a j 001zy 
200 1 |a Вспомогательное оборудование блоков ТЭС  |e учебное пособие  |f И. Ю. Соколова, А. П. Цыганок  |g Сибирский федеральный университет (СФУ) ; Национальный исследовательский Томский политехнический университет (ТПУ) 
210 |a Красноярск  |c Изд-во СФУ  |d 2013 
215 |a 206 с.  |c ил. 
320 |a Библиогр.: с. 205-206. 
330 |a В первой части учебного пособия изложены основы теории процессов, протекающих в тяго-дутьевом и насосном оборудовании блоков ТЭС. Представлены 19 структурно-логических схем по 16 модулям этого курса, а также ориентированные на будущую профессиональную деятельность студентов задания и задачи для самостоятельной работы по изучаемой дис­циплине.Во второй части рассмотрено теплообменное оборудование блоков ТЭС. Приведены описания и характеристики станционных теплообменни­ков (подогревателей высокого и низкого давления, испарителей, сетевых по­догревателей, деаэраторов, конденсаторов турбин), конструктивные схемы, методы теплового расчета, включение в тепловую схему и др.Учебное пособие предназначено для студентов очного и заочного обу­чения по дисциплине «Вспомогательное оборудование блоков ТЭС», обу­чающихся по специальности «Тепловые электрические станции» и может быть использовано студентами других родственных специальностей, а так­же эксплуатационным персоналом электростанций. 
606 1 |a Тепловые электрические станции  |x Вспомогательное оборудование  |2 stltpush  |3 (RuTPU)RU\TPU\subj\59611  |9 77121 
610 1 |a гидравлические машины 
610 1 |a лопастные машины 
610 1 |a центробежные машины 
610 1 |a осевые насосы 
610 1 |a тяго-дутьевые машины 
610 1 |a турбокомпрессоры 
610 1 |a поршневые машины 
610 1 |a теплообменное оборудование 
610 1 |a сетевая вода 
610 1 |a подогрев 
610 1 |a водогрейные котлы 
610 1 |a испарительные установки 
610 1 |a паровые турбины 
610 1 |a конденсаторы 
610 1 |a учебные пособия 
610 1 |a труды учёных ТПУ 
675 |a 621.311.22.002.5(075.8)  |v 4 
700 1 |a Соколова  |b И. Ю.  |c специалист в области инженерной педагогики  |c профессор Томского политехнического университета, доктор педагогических наук  |f 1936-  |g Ирина Юрьевна  |2 stltpush  |3 (RuTPU)RU\TPU\pers\24486 
701 1 |a Цыганок  |b А. П.  |g Алексей Петрович 
712 0 2 |a Сибирский федеральный университет (СФУ)  |c (Красноярск)  |2 stltpush  |3 (RuTPU)RU\TPU\col\11098 
712 0 2 |a Национальный исследовательский Томский политехнический университет (ТПУ)  |c (2009- )  |2 stltpush  |3 (RuTPU)RU\TPU\col\15902 
801 1 |a RU  |b 63413507  |c 20151225 
801 2 |a RU  |b 63413507  |c 20160115  |g RCR 
900 |a Вспомогательное оборудование и трубопроводы ТЭС 
900 |a Вспомогательное оборудование ТЭС 
942 |c BK 
951 |l 8.1